[Event "Santiago de Compostela Bicapawn GP Rap"]
[Site "Santiago de Compostela"]
[Date "2022.10.22"]
[Round "3"]
[White "Gonzalez Taboada, Lorenzo"]
[Black "Guerrero Olmos, Sergio"]
[Result "0-1"]
[WhiteElo "1753"]
[BlackElo "2372"]
[PlyCount "70"]
[EventDate "2022.10.22"]
[EventType "swiss (rapid)"]
[EventRounds "9"]
[EventCountry "ESP"]
[SourceTitle "CBM 210 Extra"]
[Source "ChessBase"]
[SourceDate "2022.11.30"]
[SourceVersion "1"]
[SourceVersionDate "2022.11.30"]
[SourceQuality "1"]

1. e4 e6 2. d4 d5 3. Nc3 Bb4 4. exd5 exd5 5. Bd3 Nc6 6. Nge2 Nge7 7. 0-0 Bf5 8. Re1 0-0 9. Bf4 Qd7 10. a3 Ba5 11. Ng3 Bg6 12. Be3 a6 13. Qd2 b5 14. b4 Bb6 15. Nce2 Nd8 16. c3 Nb7 17. Bf4 Nc8 18. Nc1 Nbd6 19. Nb3 Nc4 20. Bxc4 bxc4 21. Nc5 Bxc5 22. bxc5 Rb8 23. h4 h5 24. Ra2 Na7 25. Rb2 Nc6 26. Ne2 Rxb2 27. Qxb2 Rb8 28. Qa2 Rb3 29. Bd2 Na5 30. Nc1 Rb8 31. Bf4 f6 32. Qa1 Rb1 33. Qa2 Qg4 34. Bg3 Nb3 35. Bf4 Qd7 0-1

[Event "Galego-ch U14"]
[Site "Ferrol"]
[Date "2018.02.10"]
[Round "2"]
[White "Lopez Varela, Pablo"]
[Black "Gonzalez Taboada, Lorenzo"]
[Result "1-0"]
[WhiteElo "1851"]
[BlackElo "1396"]
[PlyCount "93"]
[EventDate "2018.02.10"]
[EventType "swiss"]
[EventRounds "8"]
[EventCountry "ESP"]
[SourceTitle "EXT 2024"]
[Source "ChessBase"]
[SourceDate "2023.10.10"]
[SourceVersion "1"]
[SourceVersionDate "2023.10.10"]
[SourceQuality "1"]

1. e4 c5 2. d3 d6 3. g3 g6 4. Bg2 Bg7 5. f4 Nc6 6. c3 e6 7. Ne2 Nge7 8. 0-0 0-0 9. Be3 Rb8 10. Nd2 b6 11. d4 cxd4 12. cxd4 Ba6 13. Nb3 d5 14. e5 Rc8 15. Qd2 Qd7 16. Rfc1 Bb7 17. Nc3 Nf5 18. Bf2 Nce7 19. g4 Nh6 20. h3 Kh8 21. Bf1 Bc6 22. Ba6 Rb8 23. Qe2 Bb7 24. Bxb7 Rxb7 25. Nb5 Rbb8 26. Rc7 Qd8 27. Rac1 Rc8 28. Bh4 Rxc7 29. Rxc7 Nhg8 30. Qc2 f5 31. Qc1 fxg4 32. hxg4 Bh6 33. Bg3 Nc8 34. g5 Bg7 35. Nxa7 Nxa7 36. Rxa7 Ne7 37. Nd2 Nf5 38. Bf2 Qb8 39. Rc7 Re8 40. Nf3 Bf8 41. Nh4 Nxh4 42. Bxh4 Bb4 43. Qc6 Rd8 44. Kf2 Ba5 45. Ke3 Rf8 46. Qd7 Qxc7 47. Qxc7 1-0

[Event "Ferrol op 32th"]
[Site "Ferrol"]
[Date "2017.07.23"]
[Round "8"]
[White "Gonzalez Taboada, Lorenzo"]
[Black "Pena Varela, Martin"]
[Result "0-1"]
[WhiteElo "1295"]
[BlackElo "1835"]
[PlyCount "128"]
[EventDate "2017.07.16"]
[EventType "swiss"]
[EventRounds "9"]
[EventCountry "ESP"]
[SourceTitle "EXT 2024"]
[Source "ChessBase"]
[SourceDate "2023.10.10"]
[SourceVersion "1"]
[SourceVersionDate "2023.10.10"]
[SourceQuality "1"]

1. e4 e6 2. d4 d5 3. e5 b6 4. Nf3 Ba6 5. Bxa6 Nxa6 6. c3 Qd7 7. Nbd2 c5 8. Qe2 Nc7 9. 0-0 Ne7 10. Rd1 Ng6 11. Nf1 Be7 12. Ng3 0-0 13. c4 Rfd8 14. Be3 Qc6 15. b3 Rac8 16. Rac1 Qb7 17. Qb2 Qa6 18. a4 dxc4 19. Rxc4 Nd5 20. Rdc1 cxd4 21. Rxc8 Rxc8 22. Rxc8+ Qxc8 23. Bxd4 Ngf4 24. h3 Nd3 25. Qd2 Qc1+ 26. Nf1 Qxd2 27. N1xd2 f6 28. Kf1 Kf7 29. g3 Bc5 30. exf6 gxf6 31. Ke2 Bxd4 32. Nxd4 Nc5 33. Kd1 e5 34. Nf5 Ke6 35. Ne3 Nc3+ 36. Ke1 f5 37. Kf1 N3e4 38. Ndc4 Nxb3 39. Ke2 Nc3+ 40. Kd3 Nxa4 41. Kc2 Nd4+ 42. Kd3 Nc5+ 43. Kd2 b5 44. Nb2 a5 45. Nc2 Ne4+ 46. Kc1 Nxc2 47. Kxc2 Nxf2 48. Nd3 Nxd3 49. Kxd3 a4 50. Kc3 a3 51. Kb3 b4 52. g4 f4 53. g5 f3 54. g6 hxg6 55. h4 f2 56. h5 gxh5 57. Ka2 f1Q 58. Kb3 a2 59. Kxa2 b3+ 60. Kxb3 Qc1 61. Kb4 Kd5 62. Kb5 Qb2+ 63. Ka4 Kc5 64. Ka5 Qa2# 0-1

[Event "Ferrol op 32th"]
[Site "Ferrol"]
[Date "2017.07.18"]
[Round "3"]
[White "Gonzalez Taboada, Lorenzo"]
[Black "Lopez Rodriguez, Miguel"]
[Result "1-0"]
[WhiteElo "1295"]
[BlackElo "1120"]
[PlyCount "47"]
[EventDate "2017.07.16"]
[EventType "swiss"]
[EventRounds "9"]
[EventCountry "ESP"]
[SourceTitle "EXT 2024"]
[Source "ChessBase"]
[SourceDate "2023.10.10"]
[SourceVersion "1"]
[SourceVersionDate "2023.10.10"]
[SourceQuality "1"]

1. e4 c5 2. Nf3 e6 3. d4 cxd4 4. Nxd4 a6 5. Be2 Nf6 6. Nc3 Bb4 7. f3 0-0 8. a3 Bxc3+ 9. bxc3 Nc6 10. 0-0 h6 11. Be3 Qc7 12. Qd2 Ne7 13. Bd3 d5 14. e5 Nd7 15. Bxh6 Nf5 16. Nxf5 exf5 17. Bxg7 Kxg7 18. Qg5+ Kh8 19. Bxf5 Qc5+ 20. Kh1 Nf6 21. Qxf6+ Kg8 22. Qg5+ Kh8 23. Qh6+ Kg8 24. Qh7# 1-0

[Event "Ferrol op 31th"]
[Site "Ferrol"]
[Date "2016.07.26"]
[Round "8"]
[White "Fernandez Iglesias, Diego"]
[Black "Gonzalez Taboada, Lorenzo"]
[Result "1-0"]
[WhiteElo "1803"]
[BlackElo "1272"]
[PlyCount "47"]
[EventDate "2016.07.18"]
[EventType "swiss"]
[EventRounds "9"]
[EventCountry "ESP"]
[SourceTitle "EXT 2024"]
[Source "ChessBase"]
[SourceDate "2023.10.10"]
[SourceVersion "1"]
[SourceVersionDate "2023.10.10"]
[SourceQuality "1"]

1. e4 c5 2. c3 e6 3. d4 cxd4 4. cxd4 Nf6 5. Nc3 Qc7 6. Bd3 a6 7. Nf3 Be7 8. 0-0 0-0 9. Bd2 d6 10. Rc1 Qd7 11. Na4 Bd8 12. Qc2 Qc6 13. Nc3 Qe8 14. e5 dxe5 15. dxe5 Ng4 16. h3 Nxe5 17. Nxe5 Bf6 18. Ng4 Qe7 19. Nxf6+ Qxf6 20. Ne4 Qd8 21. Bb4 Re8 22. Nd6 Nc6 23. Ba3 Re7 24. Rfd1 1-0